Địa lí tự nhiên đại cương Sách dùng cho các trường Đại học Sư phạm và Cao Đẳng Sư Phạm Tập 3
Trình bày những khái niệm cơ bản về thổ nhưỡng quyển, sinh quyển và lớp vỏ cảnh quan trái đất, đồng thời nêu sự vận dụng lí luận dạy học vào giảng dạy môn học địa lí
Đã lưu trong:
| Tác giả chính: | |
|---|---|
| Tác giả khác: | , |
| Định dạng: | Sách |
| Ngôn ngữ: | Vietnamese |
| Được phát hành: |
H.
Giaó dục
1982
|
| Những chủ đề: | |
| Các nhãn: |
Thêm thẻ
Không có thẻ, Là người đầu tiên thẻ bản ghi này!
|
| Thư viện lưu trữ: | Mạng thư viện Đại học Đà Nẵng |
|---|
| LEADER | 01626nam a2200385 4500 | ||
|---|---|---|---|
| 001 | 000008729 | ||
| 003 | 4921 | ||
| 005 | 20111019161035.0 | ||
| 008 | 111019s1982 viesd | ||
| 041 | 0 | |a vie | |
| 082 | |a 910 |b SU-L | ||
| 100 | 1 | |a Subaev.L.P | |
| 245 | 1 | 0 | |a Địa lí tự nhiên đại cương |b Sách dùng cho các trường Đại học Sư phạm và Cao Đẳng Sư Phạm |c Subaev.L.P;người dịch : Đào Trọng Năng;biên tập: Nguyễn Việt Hưng |n Tập 3 |
| 260 | |a H. |b Giaó dục |c 1982 | ||
| 300 | |a 275tr. |b hình vẽ, ảnh |c 21 cm | ||
| 504 | |a Thư mục cuối mỗi chương | ||
| 520 | |a Trình bày những khái niệm cơ bản về thổ nhưỡng quyển, sinh quyển và lớp vỏ cảnh quan trái đất, đồng thời nêu sự vận dụng lí luận dạy học vào giảng dạy môn học địa lí | ||
| 653 | |a trái đất | ||
| 653 | |a Sinh quyển | ||
| 653 | |a Thổ nhưỡng | ||
| 653 | |a Giáo trình | ||
| 700 | |a Đào Trọng Năng |e dịch | ||
| 700 | |a Nguyễn Việt Hưng |e biên tập | ||
| 773 | |t Địa lí tự nhiên đại cương |w 4918 | ||
| 910 | |a quỳnh |d 19/10/2011 | ||
| OWN | |a LSP | ||
| AVA | |a UDN50 |b LSP |d 910 SU-L |e unavailable |t Error 5002 Not defined in file expand_doc_bib_avail. |f 1 |g 1 |h N |i 0 |k 1 | ||
| 999 | |a From the UDN01 | ||
| AVA | |a UDN50 |b LSP |d 910 SU-L |e unavailable |t Error 5002 Not defined in file expand_doc_bib_avail. |f 1 |g 1 |h N |i 0 |k 1 | ||
| TYP | |a Monograph | ||
| TYP | |a Printed language | ||
| 980 | |a Mạng thư viện Đại học Đà Nẵng | ||